000 00879nas a2200253 4500
001 BR0801811
003 BR-BrBNA
005 20231205111827.0
007 ta
008 230509b bl.|||p| |||| 00| 00por d
040 _aBR-BrBNA
_bpor
_cBiblioteca Nacional de Agricultura
041 _a(Pt)
072 _aL50; L40
100 1 _aRabelo, A.S.
100 1 _aCosta, R.A. da
100 1 _aFaria, G.H. de
245 1 _aObservações morfológicas e histoquímicas sobre as glândulas salivares do jacaré Caiman latirostris (Crocodilia, Reptilia)
650 _aJACARÉ
650 _aGLÂNDULA SALIVAR
650 _aANÁLISE QUÍMICA
773 0 _tAnais da Escola de Agronomia e Veterinária - Universidade Federal de Goiás (Brazil)
_xISSN 0100-218X
_g(Jan 1991-Dec 1992), v. 21-22 p. 27-33
_wBR0801811
909 _a202311
_bLúcia
_c55
_dLúcia Elande
942 _2AGRIS
_n0
_cANA
999 _c194678
_d194678